Prachina bharat mem grama evum gramya jeevan ke kathipay paksha/ (Record no. 65447)

000 -LEADER
fixed length control field 00408nam a22001457a 4500
082 ## - DEWEY DECIMAL CLASSIFICATION NUMBER
Classification number H 307.720 954
Item number SAC/P
100 ## - MAIN ENTRY--AUTHOR NAME
Personal name Sachidananda Misra
245 ## - TITLE STATEMENT
Title Prachina bharat mem grama evum gramya jeevan ke kathipay paksha/
Statement of responsibility, etc by Sachidananda Misra
250 ## - EDITION STATEMENT
Edition statement 1st.
260 ## - PUBLICATION, DISTRIBUTION, ETC. (IMPRINT)
Place of publication Gorakhpur:
Name of publisher Purva-Samsthan,
Year of publication 1984.
300 ## - PHYSICAL DESCRIPTION
Number of Pages 308p.
650 ## - SUBJECT ADDED ENTRY--TOPICAL TERM
Topical Term Rural Community
650 ## - SUBJECT ADDED ENTRY--TOPICAL TERM
Topical Term Social Sciences
942 ## - ADDED ENTRY ELEMENTS (KOHA)
Koha item type Book
Holdings
Withdrawn status Lost status Damaged status Not for loan Permanent Location Current Location Shelving location Date acquired Cost, normal purchase price Full call number Accession Number Price effective from Koha item type
        Sree Sankaracharya University of Sanskrit Sree Sankaracharya University of Sanskrit Stacks 01.07.2017 80.00 H 307.720 954 SAC/P 084732 01.07.2017 Book